| 000 | 00925nas a2200265 i 4500 | ||
|---|---|---|---|
| 001 | 1952 | ||
| 003 | ES-MaACL | ||
| 005 | 20250807062540.0 | ||
| 007 | t| | ||
| 008 | 950801d18771920sp | | 1 ||pa d | ||
| 080 | _a460 | ||
| 245 | 0 | 0 |
_aRevista de medicina y cirugía prácticas / _cdir. Rafael Ulecia y Cardona. |
| 260 |
_aMadrid : _bImp. Nicolás Moya, _c1877-1920 ( _fAsilo de Huérfanos del S.C. de Jesús) |
||
| 300 |
_a101 v. ; _c24 cm. |
||
| 310 | _aMensual | ||
| 321 |
_aQuincenal, _b1877-1894 |
||
| 321 |
_aSemanal (cada cinco días, _b1895-1899 |
||
| 362 | 0 | _aAño 1, t. 1, n. 1 (feb. 1877)-año 44, t. 128, n. 1620 (sept. 1920) | |
| 650 | 1 | 7 |
_aMedicina _2embne _914891 |
| 700 | 1 |
_aUlecia y Cardona, Rafael ( _d1850-1912) _9111917 |
|
| 700 | 0 |
_aToledo de la Cueva, Federico. _9110453 |
|
| 852 |
_aES-MaACL _jHem-A-30 _xOlim:K-3 |
||
| 866 | 0 | _o1884,1892-1914(1915f.n.1355)1916-1920 | |
| 999 |
_c1952 _d1952 |
||